| 000 | 00410nam a22001697a 4500 | ||
|---|---|---|---|
| 003 | MACL | ||
| 005 | 20160114152514.0 | ||
| 008 | 160114b xxu||||| |||| 00| 0 eng d | ||
| 040 | _cMACL | ||
| 041 | _aEnglish | ||
| 082 | _a300/PAT | ||
| 100 |
_aPatnaik,Prabhat _932298 |
||
| 245 | _aRe-Envisioning Socialism | ||
| 260 |
_aNew Delhi _bTulika Book _c2011 |
||
| 650 |
_aSocial Science _932299 |
||
| 942 |
_2ddc _cBK |
||
| 999 |
_c52258 _d52258 |
||